[Event "Hoogeveen"]
[Site "Unive 17"]
[Date "2013.10.20"]
[Round "1"]
[White "Van Kampen, Robin"]
[Black "Adams, Michael"]
[Result "1-0"]
[WhiteElo "2607"]
[BlackElo "2753"]
[Annotator "JvR"]
[PlyCount "101"]
[EventDate "2013.10.20"]
[SourceDate "1998.01.31"]

1. e4 e6 2. d4 d5 3. Nc3 Bb4 4. e5 Ne7 5. a3 Bxc3+ 6. bxc3 b6 7. Qg4 Ng6 8. h4
h5 9. Qd1 Qd7 10. Be2 Ba6 11. Bxh5 Qb5 12. Nh3 $5 Nc6 13. Bxg6 fxg6 14. Qd3
Rxh4 15. Qxb5 Bxb5 {The chances are equal.} 16. a4 Bc4 17. Bg5 Rh8 18. Kd2 a5
$6 ({Preferable is} 18... Na5 $5 19. Nf4 Kf7 20. Ke3 Ba6 {
and Black has counter-play on the queenside.}) 19. Nf4 $1 Kf7 20. Rhe1 $1 Raf8
21. Re3 Ke8 22. Rf3 Rh2 $2 ({Correct is} 22... Kd7 23. Nxg6 Rxf3 24. gxf3 Rh2)
23. Ke3 $1 Nxe5 $5 24. dxe5 Rf5 25. Rh3 $5 Rxe5+ 26. Kd2 Rxh3 27. Nxh3 Re2+ 28.
Kd1 Re4 29. Kd2 $5 Re2+ $5 30. Kd1 Re4 31. Be3 $5 e5 32. Ng5 Rh4 33. Kc1 d4 34.
Bd2 dxc3 35. Bxc3 Rg4 36. Nf3 Rxg2 37. Nxe5 Bd5 38. Bd4 Ke7 39. Kb2 Kd6 40. Nd3
Rg4 41. Be5+ Kc6 42. Bxg7 Kb7 43. Bc3 Kc8 44. Ne5 Rg2 45. Bd4 Kb7 46. Be3 Be4
47. Rd1 Bf5 48. Rd4 Rh2 49. Nf3 Rh7 50. Bf4 Re7 51. Nh4 {
The youngster surprised an old hand.} 1-0

[Event "Hoogeveen"]
[Site "Unive 17"]
[Date "2013.10.22"]
[Round "3"]
[White "So, Wesley"]
[Black "Van Kampen, Robin"]
[Result "1-0"]
[WhiteElo "2706"]
[BlackElo "2607"]
[Annotator "JvR"]
[PlyCount "85"]
[EventDate "2013.10.20"]
[SourceDate "1998.01.31"]

1. d4 Nf6 2. c4 e6 3. Nf3 d5 4. Nc3 Nbd7 5. e3 Be7 6. b3 O-O 7. Bb2 b6 8. Bd3
Bb7 9. Qc2 c5 10. cxd5 exd5 11. O-O Rc8 12. Rac1 Bd6 13. Qe2 Qe7 14. Ba6 Bxa6
15. Qxa6 Nb8 16. Qd3 $1 {White improves his position by a novelty.} Rfd8 17.
Nb5 Nc6 $6 ({Preferable is} 17... Ne4 $5 18. dxc5 bxc5) 18. Nxd6 Qxd6 19. dxc5
bxc5 20. Bxf6 gxf6 {Black's pawn structure has been ruined.} 21. Rfd1 Ne5 22.
Qe2 Nxf3+ $5 23. Qxf3 Qe6 24. g3 Kg7 25. Rd3 d4 $2 {
Black makes his central pawns vulnerable.} ({Better is} 25... Rc6) 26. Rc4 $1
dxe3 27. Rxe3 Qd6 28. b4 $5 Qd1+ 29. Qxd1 Rxd1+ 30. Kg2 Rd4 $6 (30... Rd2 $5
31. Rxc5 Rxc5 32. bxc5 Rxa2 33. Rc3 Re2 34. c6 Re8 35. Kf3 {favours White.})
31. Rxc5 Rxc5 32. bxc5 Rc4 33. Ra3 Rxc5 34. Rxa7 {He has gained  pawn.} Rc2 35.
Kf3 Kg6 36. a4 Ra2 (36... Rc3+ 37. Ke2 Rc2+ 38. Ke3 Rc3+ 39. Kd2 Ra3 40. a5 Kf5
41. Kc2 Ke6 42. Kb2 {wins for White.}) 37. a5 h6 38. a6 Kf5 39. Ra8 Kg6 $5 ({Or
} 39... Ra3+ 40. Kg2 $1 Ke6 41. a7 Ke7 42. f4) 40. Ke4 Kg7 41. Kd5 Rxf2 42. Rb8
$1 Ra2 43. Rb6 {Hereafter, the white king will support the passed pawn.} 1-0

[Event "Hoogeveen"]
[Site "Unive 17"]
[Date "2013.10.24"]
[Round "4"]
[White "Van Wely, Loek"]
[Black "So, Wesley"]
[Result "0-1"]
[WhiteElo "2693"]
[BlackElo "2706"]
[Annotator "JvR"]
[PlyCount "66"]
[EventDate "2013.10.20"]
[SourceDate "1998.01.31"]

1. d4 d5 2. c4 c6 3. Nf3 Nf6 4. Nc3 e6 5. Bg5 h6 6. Bh4 dxc4 7. e4 g5 8. Bg3 b5
9. Be2 Bb7 10. O-O Nbd7 11. Ne5 Bg7 12. Nxd7 Nxd7 13. Bd6 a6 14. a4 b4 15. Nb1
Nf6 16. e5 Ne4 17. Bxb4 c5 18. dxc5 $5 (18. Ba3 $1 {
was played in Topalov - Gelfand, Monte Carlo 2011.}) 18... Bxe5 19. Na3 Qc7 20.
Nxc4 Bxh2+ 21. Kh1 Rd8 $1 22. Qb3 $6 ({Better is} 22. Qe1 Rd4 23. Ba5 Qf4 24.
Ra3) 22... Qf4 $1 23. Qf3 $5 Qh4 $1 24. Qg4 {White has a hard defence.} Nxf2+
25. Rxf2 Qxf2 26. c6 $2 (26. Rf1 $1 Qg3 27. Nd6+ Rxd6 28. Qxg3 Bxg3 29. cxd6
Bf4 {defends properly (Martinovic).}) 26... Bxc6 27. Rf1 Qg3 28. Qxg3 Bxg3 29.
Bh5 Rd4 30. Bxf7+ Kd7 31. Bc3 Rh4+ 32. Kg1 Bh2+ 33. Kf2 Rf4+ {
So carried out a fine attack.} 0-1

[Event "Hoogeveen"]
[Site "Unive 17"]
[Date "2013.10.25"]
[Round "5"]
[White "Adams, Michael"]
[Black "Van Wely, Loek"]
[Result "1-0"]
[WhiteElo "2753"]
[BlackElo "2693"]
[Annotator "JvR"]
[PlyCount "107"]
[EventDate "2013.10.20"]
[SourceDate "1998.01.31"]

1. e4 c5 2. Nf3 d6 3. d4 cxd4 4. Nxd4 Nf6 5. Nc3 a6 6. Be3 e6 7. Qf3 Nbd7 8.
O-O-O Qc7 9. Qg3 Nc5 10. f3 Bd7 11. Nb3 Na4 12. Nxa4 Bxa4 13. Kb1 $5 Rc8 14.
Bd3 h5 15. Rhe1 e5 $5 16. Qf2 Be7 17. Bb6 Qb8 18. Na5 Nd7 19. Nc4 Bxc2+ $5 ({
More solid is} 19... O-O) 20. Kxc2 Nxb6 21. Qxb6 Bd8 22. Qb3 b5 23. Kb1 bxc4
24. Qxb8 Rxb8 25. Bxc4 Rb6 {Black protects his weaknesses.} 26. Rd3 Rf8 27. Rc1
f5 28. Bd5 Kd7 29. exf5 Rxf5 30. Be4 Rf4 31. g3 Rf6 32. h4 a5 33. Rc5 $1 Rf8 $5
34. a3 ({The pointe is} 34. Rxa5 $2 Rxb2+ $1) 34... Ke6 35. Rc8 Be7 36. Rc7 Rb5
37. Bc6 Rb6 $2 (37... Rc5 $1 38. Bd7+ Kf6 39. Rxc5 dxc5 {
almost equalises (Paunovic).}) 38. Bd5+ $1 Kf6 39. g4 $1 hxg4 ({Or} 39... Re8
40. g5+ Kf5 41. Bc6) 40. fxg4 e4 $5 41. Bxe4 Bd8 42. Rc2 g5 43. Rf3+ Kg7 44.
Rxf8 Kxf8 45. Rc8 Ke7 46. h5 d5 $5 47. Bxd5 Kd7 48. Ra8 Rf6 49. Be4 Rf1+ 50.
Ka2 Rf2 51. Bf5+ Ke7 52. h6 Bb6 53. h7 Bd4 54. h8=Q $1 {
Van Wely played a poor tournament.} 1-0

[Event "Hoogeveen"]
[Site "Unive 18 match 1"]
[Date "2014.10.12"]
[Round "1.1"]
[White "Shirov, Alexei"]
[Black "Giri, Anish"]
[Result "0-1"]
[WhiteElo "2691"]
[BlackElo "2768"]
[Annotator "JvR"]
[PlyCount "68"]
[EventDate "2014.10.12"]
[EventType "match"]
[SourceDate "1998.01.31"]

{The 18th Univé tournament was played from 12 until 18 x 2014. Sponsor Univé
changed the formulae. The Crown Group competition was replaced by two matches.
Tournament director became Loek van Wely. The main match was Giri - Shirov.
Six games were played.} 1. e4 e5 2. Nf3 Nc6 3. Bc4 Bc5 4. d3 Nf6 5. Nc3 d6 6.
O-O Na5 7. Bb3 a6 $5 {They start quietly.} 8. d4 Nxb3 9. axb3 exd4 10. Nxd4 h6
11. Nf5 Bxf5 12. exf5 O-O 13. g4 $2 {White will not be able to start an attack
on the kingside. His pawn structure becomes weak.} Qd7 14. Nd5 $5 Nxd5 15. Qxd5
Qb5 $1 16. Qf3 Rfe8 17. Kg2 Qe2 18. c3 Re4 $1 19. Ra4 $1 Rae8 20. Rxe4 Rxe4 21.
h3 (21. Bf4 $5 a5 22. h3 Re7 23. Qxb7 Qxb2 {also favours Black.}) 21... d5 22.
b4 Bb6 23. f6 $5 g5 24. Qf5 Re5 25. Qc8+ Kh7 $1 26. Qf8 $1 Qe4+ 27. Kg3 Qg6 $1
28. f4 gxf4+ (28... Qxf6 $4 29. fxg5 $1 Qxf1 30. g6+ {wins for White (Boel).})
29. Bxf4 Re2 30. Bxh6 $2 {Shirov wants to attack desperately.} (30. Bc1 {
offers more resistance.}) 30... Qxh6 31. Qxf7+ Kh8 32. Rf3 Bg1 33. h4 Bh2+ 34.
Kh3 Bd6 $1 {Black threatens mate in one. White has no serious defence.} 0-1

[Event "Hoogeveen"]
[Site "Unive 18 match 1"]
[Date "2014.10.13"]
[Round "2.1"]
[White "Giri, Anish"]
[Black "Shirov, Alexei"]
[Result "1-0"]
[WhiteElo "2768"]
[BlackElo "2691"]
[Annotator "JvR"]
[PlyCount "149"]
[EventDate "2014.10.12"]
[EventType "match"]
[SourceDate "1998.01.31"]

1. d4 d5 2. c4 c6 3. Nc3 Nf6 4. e3 e6 5. Nf3 Nbd7 6. Qc2 Bd6 7. Bd3 O-O 8. O-O
dxc4 9. Bxc4 b5 10. Be2 Bb7 11. e4 e5 12. dxe5 Nxe5 13. Nd4 Neg4 14. g3 Bc5 ({
The alternative is} 14... Bxg3 15. hxg3 Qxd4 16. Qd1 Qxd1 17. Rxd1 Rfe8 {
(Fressinet - Ragger, Germany 2012).}) 15. Nf5 Re8 16. Bf4 Qb6 17. Kg2 Nxf2 18.
e5 Nd7 19. b4 Bxb4 20. Rxf2 Nxe5 21. Ne4 $1 {Giri delivers a fine novelty.} (
21. Nxg7 $5 c5+ 22. Kh3 Bc8+ 23. g4 Kxg7 24. Bxe5+ Rxe5 25. Rxf7+ $1 Kxf7 26.
Qxh7+ {led to perpetual check in Wagner - Shirov, Germany 2014.}) 21... c5 22.
Kf1 $1 Bxe4 23. Qxe4 Ng6 $1 24. Qd5 $1 {White has gained an advantage.} Nxf4
25. Ne7+ $1 Kh8 26. Rxf4 {He has a knight for three pawns.} c4 27. Nc6 Bc3 28.
Rb1 Rac8 $6 (28... Qe3 29. Bf3 a6 {defends properly.}) 29. Bf3 Qa6 $5 30. Re4
$6 (30. Rxb5 Qxa2 31. Be4 {(Boel)} f5 32. Ne7 $1 Qxh2 33. Rh4 Qxg3 34. Rxh7+ $1
Kxh7 35. Bxf5+ Kh6 36. Qh1+ Kg5 37. Bg6+ {wins in an elegant way.}) 30... Qxa2
$5 31. Rxb5 $5 Qxh2 32. Qd7 Rf8 33. Rh4 Qc2 34. Rxh7+ $1 Qxh7 ({The pointe is} 
34... Kxh7 $2 35. Rh5+ Kg6 36. Ne7+ Kf6 37. Qd6#) 35. Rh5 Qxh5 36. Bxh5 g6 37.
Be2 Kg7 38. Bxc4 Rce8 39. Qxa7 Bf6 40. Qd7 Re3 41. Kg2 Rc3 42. Qd5 Re3 43. Kf2
Ree8 44. Qd7 Re4 45. Bd5 Ree8 46. Qc7 Rc8 47. Qb7 Rce8 48. Qd7 Ra8 49. Bc4 Rae8
50. Kf3 Re1 51. Qd5 Re6 52. Qd7 Re1 53. g4 $1 Bg5 54. Qd5 f5 $5 55. Ne5 $1
fxg4+ 56. Kg2 $1 Be3 57. Qd7+ Kh6 58. Nxg4+ Kh5 59. Nf6+ Rxf6 60. Qh3+ Kg5 61.
Qg3+ Kh6 62. Qxe1 {White has a queen for a rook plus a pawn.} Bf4 63. Qh4+ Kg7
64. Bg8 $1 Bh6 65. Qd4 Bf4 66. Be6 Bb8 67. Kh3 Bf4 68. Qd7+ Kh6 69. Bg8 Be3 70.
Qh7+ Kg5 71. Bd5 Bf2 72. Qe7 $1 Bd4 73. Be4 Kf4 74. Bc2 Be5 75. Qb4+ {
Giri won again after a long endgame.} 1-0

[Event "Hoogeveen"]
[Site "Unive 18 match 1"]
[Date "2014.10.14"]
[Round "3.1"]
[White "Shirov, Alexei"]
[Black "Giri, Anish"]
[Result "1/2-1/2"]
[WhiteElo "2691"]
[BlackElo "2768"]
[Annotator "JvR"]
[PlyCount "122"]
[EventDate "2014.10.12"]
[EventType "match"]
[SourceDate "1998.01.31"]

1. d4 Nf6 2. c4 e6 3. Nf3 d5 4. Nc3 Bb4 5. Bg5 h6 6. Bxf6 Qxf6 7. e3 O-O 8. Qb3
c5 9. cxd5 exd5 10. a3 Bxc3+ 11. Qxc3 Nd7 12. Be2 b6 13. O-O Bb7 14. Rac1 c4
15. Nd2 $5 b5 16. Bf3 Qe7 17. Qa5 Bc6 18. b3 Qd6 19. bxc4 bxc4 20. Nb1 Rab8 21.
Nc3 {Shirov pressures on d5.} Rb3 $5 22. Nxd5 Rxa3 $5 (22... Nb6 23. Nc3 Bxf3
24. gxf3 Qxa3 25. Qxa3 Rxa3 {keeps the equality.}) 23. Qc7 $5 Qxc7 24. Nxc7
Bxf3 25. gxf3 Nb6 26. Nb5 Rb3 27. Nxa7 c3 $5 (27... Ra8 $1 28. Nc6 c3 29. e4
Ra2 {gives a sufficient counter-play (Boel).}) 28. Rb1 Rxb1 29. Rxb1 Nd5 30.
Kf1 c2 31. Rc1 Nb4 32. Ke2 Rb8 33. d5 $1 Nxd5 34. Rxc2 Ne7 35. f4 Rb7 36. Nc6
Nxc6 37. Rxc6 {White has an extra pawn in the rook ending.} g6 38. f5 $1 gxf5
39. Rxh6 Rb4 40. Kf3 Kg7 41. Rd6 Rh4 42. Kg2 Rg4+ 43. Kh1 Rb4 44. Rd4 Rb1+ 45.
Kg2 Kg6 46. Rd6+ f6 47. Rd4 Ra1 48. Kf3 Rh1 49. Rh4 Ra1 50. Rh3 Ra4 51. Rg3+
Kf7 52. Kg2 Rb4 53. Kh3 Ra4 54. f4 $5 Ra1 55. Kh4 Ra8 56. Rg2 Re8 57. Re2 Rh8+
58. Kg3 Rg8+ 59. Kf3 Rh8 60. Rg2 Rh3+ 61. Ke2 Rh8 {
Shirov cannot make any progress.} 1/2-1/2

[Event "Hoogeveen"]
[Site "Unive 18 match 1"]
[Date "2014.10.16"]
[Round "4.1"]
[White "Giri, Anish"]
[Black "Shirov, Alexei"]
[Result "1/2-1/2"]
[WhiteElo "2768"]
[BlackElo "2691"]
[Annotator "JvR"]
[PlyCount "80"]
[EventDate "2014.10.12"]
[EventType "match"]
[SourceDate "1998.01.31"]

1. d4 d5 2. c4 c6 3. Nc3 Nf6 4. e3 e6 5. Nf3 Nbd7 6. Qc2 Bd6 7. Bd3 O-O 8. O-O
dxc4 9. Bxc4 b5 10. Be2 Bb7 11. Rd1 Qc7 12. Bd2 Rfe8 {
Shirov complains about this move later.} 13. Rac1 a6 14. e4 $1 {
Giri prepares an attack in the centre.} ({Usual is} 14. b4 e5 15. h3) 14... e5
15. Nd5 $1 Qd8 (15... Nxd5 16. exd5 exd4 17. dxc6 Rxe2 18. cxb7 Qxb7 19. Nxd4
Ree8 {looks risky for Black (Boel).}) 16. Nxf6+ Qxf6 17. Bc3 Rad8 18. g3 c5 19.
d5 c4 20. Ba5 Rc8 21. Nh4 {White has an edge.} g6 22. Bg4 Qe7 23. Qd2 Rb8 24.
Bxd7 Qxd7 25. b3 cxb3 26. axb3 Rbc8 27. Bb4 Rxc1 28. Rxc1 Rc8 29. Rxc8+ Bxc8
30. Bxd6 Qxd6 31. Qc3 {Anish seems to have an advantage.} Bh3 $3 {
A brilliant escape follows.} 32. b4 a5 $1 {Black counters.} 33. bxa5 b4 34. Qc6
Qd8 $1 (34... Qb8 $2 35. a6 b3 36. Qb7 Qc8 37. Qxc8+ Bxc8 38. a7 b2 39. a8=Q
b1=Q+ 40. Kg2 Qxe4+ 41. Nf3 {favours White.}) 35. a6 Qa5 $1 36. Qe8+ Kg7 37.
Qxe5+ Kg8 38. Qe8+ Kg7 39. Qe5+ Kg8 40. Qe8+ Kg7 {
Giri has to deliver perpetual check.} 1/2-1/2

[Event "Hoogeveen"]
[Site "Unive 18 match 1"]
[Date "2014.10.17"]
[Round "5.1"]
[White "Shirov, Alexei"]
[Black "Giri, Anish"]
[Result "1/2-1/2"]
[WhiteElo "2691"]
[BlackElo "2768"]
[Annotator "JvR"]
[PlyCount "38"]
[EventDate "2014.10.12"]
[EventType "match"]
[SourceDate "1998.01.31"]

1. d4 Nf6 2. c4 e6 3. Nf3 d5 4. Nc3 Bb4 5. e3 O-O 6. Bd3 c5 7. O-O dxc4 8. Bxc4
cxd4 9. exd4 b6 10. Bg5 Bb7 11. Ne5 Bxc3 12. bxc3 Nbd7 13. Nxd7 Qxd7 14. Bxf6
gxf6 15. d5 $5 ({The usual} 15. Qg4+ Kh8 16. Qh4 {also plays for a draw.})
15... Bxd5 16. Qg4+ Kh8 17. Qh4 Bxc4 18. Qxf6+ Kg8 19. Qg5+ Kh8 {
A draw is okay for Giri, because he has won the match.} 1/2-1/2

[Event "Hoogeveen"]
[Site "Unive 18 match 1"]
[Date "2014.10.18"]
[Round "6.1"]
[White "Giri, Anish"]
[Black "Shirov, Alexei"]
[Result "1-0"]
[WhiteElo "2768"]
[BlackElo "2691"]
[Annotator "JvR"]
[PlyCount "91"]
[EventDate "2014.10.12"]
[EventType "match"]
[SourceDate "1998.01.31"]

1. e4 c5 2. Nf3 Nc6 3. d4 cxd4 4. Nxd4 Nf6 5. Nc3 e5 6. Ndb5 d6 7. Bg5 a6 8.
Na3 b5 9. Nd5 Be7 10. Bxf6 Bxf6 11. c3 Bg5 12. Nc2 O-O 13. a4 bxa4 14. Rxa4 a5
15. Bc4 Rb8 16. b3 Kh8 17. Nce3 g6 18. h4 Bxh4 19. g3 Bg5 20. f4 exf4 21. gxf4
Bh4+ 22. Kf1 f5 23. Ra2 fxe4 24. Rah2 g5 {
White has sacrificed two pawns in the Sveshnikov.} 25. Qh5 $1 (25. Ng2 Rb7 26.
Nxh4 gxh4 27. Rxh4 {brings no advantage.}) 25... Rb7 $1 ({Known is} 25... Ne5
$6 26. Ke2 Nxc4 27. fxg5 Rxb3 28. Rxh4 {and White has an advantage.}) 26. Ke2
Be6 27. Qh6 Bg8 $2 ({Better is} 27... Bxd5 28. Nxd5 Rff7 $1 29. Qe6 {
and White has a plus (Boel).}) 28. Rg2 Rbf7 $2 (28... Ne5 29. fxe5 dxe5 30. Rf1
Rxf1 31. Kxf1 Rg7 {tries to survive.}) 29. Rxh4 $1 gxh4 30. Nf5 $5 h3 31. Nh4
Qxh4 32. Rxg8+ $1 Rxg8 33. Qxh4 {White has won material.} Rg2+ 34. Kf1 Rh2 35.
Ne3 Rg7 36. Qf6 Rh1+ 37. Kf2 Rh2+ 38. Ke1 $1 Rh1+ 39. Kd2 Rh2+ 40. Kc1 Ne7 41.
Nf5 Rhg2 42. Nxg7 Rxg7 43. Qf8+ Ng8 44. Bxg8 Rxg8 45. Qf6+ Rg7 46. Qh4 {
Giri had defeated Shirov by 41/2-11/2. The young star showed himself superior
to the old hand.} 1-0

[Event "Hoogeveen"]
[Site "Unive 18 match 2"]
[Date "2014.10.13"]
[Round "2.2"]
[White "Jobava, Baadur"]
[Black "Timman, Jan"]
[Result "1-0"]
[WhiteElo "2717"]
[BlackElo "2601"]
[Annotator "JvR"]
[PlyCount "67"]
[EventDate "2014.10.12"]
[EventType "match"]
[SourceDate "1998.01.31"]

1. d4 Nf6 2. c4 e6 3. Nf3 b6 4. a3 Ba6 5. Qc2 Bb7 6. Nc3 c5 7. e4 cxd4 8. Nxd4
Nc6 9. Nxc6 Bxc6 10. Bf4 Nh5 11. Bd2 Qc7 12. g3 $5 ({
Jobava played the spectacular} 12. Nd5 $1 {in a previous game.}) 12... Bc5 13.
Bg2 O-O 14. O-O Rac8 15. Rac1 Nf6 16. b4 $1 {White takes the initiative.} Be7
17. Qd3 Qb8 18. h3 Rfd8 19. Rfe1 Bb7 20. e5 Ne8 21. Ne4 d6 22. exd6 Bxd6 23.
Qe2 Be5 $5 24. c5 $1 bxc5 25. bxc5 Bc6 26. Ba5 Rd7 27. Ng5 Bxg2 28. Kxg2 Bf6
29. c6 $5 {Jobava keeps the game going, despite his time pressure.} Rd5 $2 ({
Right is} 29... Rd6 $1 30. Ne4 Rdxc6 31. Rxc6 Rxc6 32. Rd1 {
and White has sufficient compensation for the pawn.}) 30. Nxf7 $1 Rxa5 ({
The pointe is} 30... Kxf7 $2 31. Qxe6+ Kg6 32. Qxd5) 31. Qxe6 Kf8 32. Rcd1 $2 (
32. Qd7 $1 Qa8 33. Re6 $1 Rxa3 34. Nh8 {wins for White.}) 32... Qc7 $2 (32...
Qa8 $1 {saves the day (Boel).}) 33. Nd8 Rxd8 34. Rd7 {Timman lost by blunders.}
1-0

[Event "Hoogeveen"]
[Site "Unive 18 match 2"]
[Date "2014.10.14"]
[Round "3.2"]
[White "Timman, Jan"]
[Black "Jobava, Baadur"]
[Result "1/2-1/2"]
[WhiteElo "2601"]
[BlackElo "2717"]
[Annotator "JvR"]
[PlyCount "109"]
[EventDate "2014.10.12"]
[EventType "match"]
[SourceDate "1998.01.31"]

1. d4 Nf6 2. c4 g6 3. Nc3 Bg7 4. e4 O-O 5. Bd3 Nc6 6. Nf3 d6 7. d5 Nb4 8. Be2
a5 9. O-O Bg4 {
The King's Indian Defence is better for White, due to the knight on b4.} 10.
Ng5 $5 Bxe2 11. Qxe2 c6 12. Be3 Qd7 $5 13. h3 cxd5 14. exd5 $1 a4 15. Rac1 Rfc8
16. Rfd1 Na6 $5 {The reorganisation costs two tempi.} 17. Re1 $1 Nc5 18. Rcd1
b6 $5 {Black sacrifices a pawn.} 19. Bxc5 bxc5 20. Qxe7 {
White has gained a pawn.} h6 $6 ({More active is} 20... Qxe7 21. Rxe7 Ne8 22.
Re3 Bd4) 21. Qxd7 Nxd7 22. Nge4 $1 a3 23. bxa3 $6 (23. b3 $1 f5 24. Nxd6 Bxc3
25. Nxc8 Rxc8 26. Re7 {gains an advantage (Boel).}) 23... Bxc3 24. Nxc3 Ne5 25.
Nb5 Nxc4 26. Re4 $1 Rcb8 27. a4 $1 Nb2 $1 28. Rd2 Rxa4 29. Rxa4 Nxa4 30. Nxd6
Rb1+ 31. Kh2 Rb4 32. Nc8 $6 (32. a3 $1 Rd4 33. Rxd4 cxd4 34. Nc4 f6 35. Kg3 {
plays for a win.}) 32... Kf8 33. d6 Ke8 34. d7+ Kd8 35. Nd6 $1 Kxd7 36. Nxf7+
Rd4 $2 ({Better is} 36... Ke6 $1 37. Nxh6 c4) 37. Rc2 $2 (37. Rxd4+ $1 cxd4 38.
Kg3 Kc6 39. Kf3 Kd5 40. Nxh6 Kc4 41. Ng4 {(Romanishin)} Nb2 $5 42. Ne5+ Kc3 43.
h4 d3 44. Nxd3 Nxd3 45. Kg4 $1 Nxf2+ 46. Kg5 {wins theoretically.}) 37... Kc6
$2 (37... h5 $1 38. Ne5+ Ke6 39. Nxg6 Kf6 40. Nf8 Kf7 41. Nh7 Kg6 {
draws by repetition.}) 38. Nxh6 c4 39. Ng4 c3 40. Ne3 Kc5 41. g4 Kb4 42. h4 Nb6
43. Rc1 Rd2 44. Kg3 Nc4 45. Nc2+ Kc5 46. Ne1 Kb4 47. Nc2+ Kc5 48. Ne1 Kb4 49.
h5 $1 gxh5 50. gxh5 $2 {Jan misses an intermediary move.} (50. Nc2+ $1 Kc5 $1 (
50... Rxc2 $5 51. Rxc2 hxg4 52. Kxg4 Na3 53. Rc1 c2 54. Kg5 $1 {wins for White.
}) 51. gxh5 Nd6 52. Kf3 Nf7 53. Na3 $1 Rxa2 54. Rxc3+ Kb4 55. Re3 Rxa3 56. Rxa3
Kxa3 57. Kf4 {leads to a theoretical win of two pawns versus a knight.}) 50...
Nd6 51. Nc2+ Kc4 52. Ne3+ Kd3 53. f3 Kxe3 54. Rxc3+ Kd4 55. Ra3 {
Timman let his opponent escape several times.} 1/2-1/2

[Event "Hoogeveen"]
[Site "Unive 18 match 2"]
[Date "2014.10.16"]
[Round "4.2"]
[White "Jobava, Baadur"]
[Black "Timman, Jan"]
[Result "1/2-1/2"]
[WhiteElo "2717"]
[BlackElo "2601"]
[Annotator "JvR"]
[PlyCount "108"]
[EventDate "2014.10.12"]
[EventType "match"]
[SourceDate "1998.01.31"]

1. e4 e5 2. Nf3 Nc6 3. Bc4 Bc5 4. c3 Nf6 5. d4 exd4 6. e5 d5 7. Be2 d3 ({
Theory is} 7... Ne4 8. cxd4 Bb6 {(Charousek - Schlechter, On the Rhine 1898).})
8. exf6 dxe2 9. Qxe2+ Kf8 $1 ({Known is} 9... Be6 10. fxg7 Rg8 11. Bg5) 10. b4
$5 {Jobava wants to fight in the spectacular opening.} Bd6 $1 {
Black protects square e5.} 11. b5 Na5 12. Bg5 Qe8 $5 13. Qxe8+ Kxe8 14. fxg7
Rg8 15. Bf6 Be7 16. Bxe7 Kxe7 17. Nbd2 a6 18. a4 Rxg7 19. O-O Bh3 $1 20. Rfe1+
Kd6 21. g3 f6 22. Nd4 Re7 23. Red1 $5 {More solid is the exchange of rooks.} c5
$1 24. bxc6 bxc6 25. Rab1 Kc7 26. Nc2 $5 Bf5 $1 27. Rb2 Bd3 $5 28. Nb4 Be2 29.
Re1 Rae8 30. Kg2 Kd6 31. Nc2 Bd3 32. Ne3 Nb7 33. Rb4 $1 Nc5 34. Rf4 Kc7 35.
Rxf6 Nxa4 36. Nb3 Be4+ 37. Kg1 $6 ({Preferable is} 37. Kf1 $5 Re6 38. Rf7+ R8e7
39. Rxe7+ Rxe7 40. Rc1) 37... Nxc3 38. Nd4 Nb5 39. Nxc6 Re6 40. Rxe6 Rxe6 41.
Nb4 d4 $6 (41... Kb7 $1 {gains an advantage (Boel).}) 42. Nc4 Nc3 43. f3 a5 $1
44. Nxa5 Rb6 45. fxe4 Rxb4 46. e5 $1 d3 47. Rc1 d2 48. Rxc3+ Kb6 49. Rd3 Rb1+
50. Kg2 d1=Q 51. Rxd1 Rxd1 52. Nc4+ Kc5 53. Ne3 Rd2+ 54. Kh3 Re2 {
They fought for the draw.} 1/2-1/2

[Event "Hoogeveen"]
[Site "Unive 18 match 2"]
[Date "2014.10.17"]
[Round "5.2"]
[White "Timman, Jan"]
[Black "Jobava, Baadur"]
[Result "0-1"]
[WhiteElo "2601"]
[BlackElo "2717"]
[Annotator "JvR"]
[PlyCount "100"]
[EventDate "2014.10.12"]
[EventType "match"]
[SourceDate "1998.01.31"]

1. d4 e6 2. Nf3 c5 3. e4 cxd4 4. Nxd4 a6 5. Nc3 b5 6. Bd3 Bb7 7. O-O Nc6 8.
Nxc6 Bxc6 9. Qe2 Ne7 10. Be3 $1 ({Usual is} 10. Bd2) 10... Qc8 $6 ({
A better move is} 10... b4) 11. a3 $1 d5 $5 12. f3 $6 {
Development of a piece should be more useful.} dxe4 13. fxe4 Ng6 14. Rad1 Be7
15. Qh5 Qc7 16. Bd4 O-O 17. Rf3 h6 $1 {Black achieves an edge.} 18. Rxf7 $6 {
Timman creates chances by a sacrifice.} Rxf7 19. Qxg6 Rd8 20. Nd5 $1 Bxd5 $1 ({
The pointe is} 20... exd5 $2 21. e5 $1 Kf8 22. Qh7 Bxa3 23. e6 Qf4 24. Bb6 {
(Boel).}) 21. exd5 {White threatens mate in two.} Bc5 $1 22. c3 Rxd5 23. Qxe6
Bxd4+ 24. cxd4 Qd6 25. Bf5 $5 g6 $1 {He has to avoid the exchange of queens.}
26. Qxg6+ Qxg6 27. Bxg6 Rfd7 {
Black has kept the material advantage of an exchange.} 28. Kf2 Kg7 29. Be4 Rxd4
30. Rxd4 Rxd4 31. Ke3 Rd1 32. Ke2 Rh1 33. h3 Kf6 34. Kd3 Ke5 35. Bb7 a5 36. Bc6
b4 37. Kc2 Kd4 38. Kb3 Kc5 39. Bf3 Re1 40. Ka4 Re7 41. Bd1 Rd7 42. Bg4 Rd3 43.
Bf5 Re3 44. Bc8 h5 45. Bf5 Re2 46. Kxa5 b3 $1 47. g4 hxg4 48. hxg4 Rxb2 49. Ka4
Kc4 50. g5 Re2 {Jobava had won the match.} 0-1

[Event "Hoogeveen"]
[Site "Unive 18 match 2"]
[Date "2014.10.18"]
[Round "6.2"]
[White "Jobava, Baadur"]
[Black "Timman, Jan"]
[Result "1-0"]
[WhiteElo "2717"]
[BlackElo "2601"]
[Annotator "JvR"]
[PlyCount "67"]
[EventDate "2014.10.12"]
[EventType "match"]
[SourceDate "1998.01.31"]

1. c4 e5 2. Nc3 Nf6 3. Nf3 Nc6 4. g3 Bc5 5. Bg2 d6 6. d3 h6 7. a3 a6 8. b4 Ba7
9. O-O O-O 10. Be3 Bxe3 11. fxe3 Be6 12. Nh4 $5 (12. Qd2 {
drew in Mamedyarov - Delchev, Calvia 2004.}) 12... Ng4 13. Qc1 Qg5 14. Bxc6
bxc6 15. e4 Qh5 $5 {The exchange of queens is preferable.} 16. h3 Nf6 17. Kg2
d5 $2 {Timman makes a premature advance.} (17... Rad8 {supports the centre.})
18. cxd5 cxd5 19. Rxf6 $1 gxf6 20. exd5 Bd7 21. Qe3 {
White attacks at a small cost.} Qg5 $2 ({Better is} 21... f5 $1 22. Qxe5 Rfe8
$1 23. Qf4 Rxe2+ $1 24. Nxe2 Qxe2+ 25. Kh1 Qxd3 26. Qf3 Qe4 {
and White has little advantage.}) 22. Qc5 $1 f5 23. Qxc7 Rad8 24. Nf3 Qh5 25.
Nxe5 Bb5 26. Nc4 Rfe8 27. Rf1 Rd7 28. Qf4 Rxe2+ $5 29. Nxe2 Qxe2+ 30. Rf2 Qxd3
31. Ne3 Re7 32. Nxf5 Qxd5+ 33. Kh2 Rd7 $2 34. Qg4+ {White delivers mate.
Jobava had defeated Timman by 41/2-11/2. The old hands made no chance against
the young stars.} 1-0